Estadios Segunda Federación 24/25 - Estadísticas

Estadísticas generales
  • Esta prueba ha sido intentada 25 veces
  • La puntuación promedio es 28 de 90
Estadísticas de respuestas
Hint Respuesta % Correcto
Numancia Los Pajaritos
94%
Pontevedra Pasarón
81%
Salamanca UDS Helmantico
75%
SD Logroñes Las Gaunas
75%
UD Logroñes Las Gaunas
75%
Rayo Majadahonda Cerro del Espino
69%
Real Avila Adolfo Suarez
63%
Tudelano Municipal Ciudad de Tudela
63%
Cornella Nou Municipal
63%
Sabadell Nova Creu Alta
63%
Compostela Vero Boquete de San Lazaro
63%
Valladolid Promesas Anexos Jose Zorrilla
56%
Xerez CD Chapin
56%
Xerez Deportivo Chapin
56%
Linares Deportivo Linarejos
56%
Guadalajara Pedro Escartín
56%
Cacereño Principe Felipe
56%
Talavera El Prado
50%
Teruel Pinilla
50%
Real Madrid C Valdebebas
50%
Lleida Camp d'Esports
44%
RB Linense La Linea
44%
Izarra Merkatondoa
44%
Real Aviles Industrial Roman Suarez Puerta
44%
Real Sociedad C Zubieta
44%
Deportivo Fabril Abegondo
38%
Gimnastica Torrelavega El Malecon
38%
San Fernando Iberoamericano 2010
38%
UCAM Murcia La Condomina
38%
Calahorra La Planilla
38%
Sant Andreu Narcís Sala
38%
Melilla Alvarez Claro
31%
Coruxo Campo do Vao
31%
SD Ibiza Can Misses III
31%
Atletico Paso El Paso
31%
Atletico Baleares Estadio Balear
31%
Sanse Matapiñonera
31%
Marino de Luanco Miramar
31%
Barbastro Municipal de Deportes de Barbastro
31%
Europa Nou Sardenya
31%
Langreo Nuevo Ganzabal
31%
Union Adarve Polideportivo Vicente del Bosque
31%
Arenas de Getxo Gobela
25%
Conquense La Fuensanta
25%
Coria La Isla
25%
Orihuela Los Arcos
25%
Illescas Municipal de Illescas
25%
Valencia Mestalla Antonio Puchades
19%
Espanyol B Dani Jarque
19%
Aguilas El Rubial
19%
Mostoles El Soto
19%
Anguiano Isla
19%
Ilicitano Juan Angel Romero
19%
La Union Atl. La Union
19%
Atletico Antoniano Lebrija
19%
Ejea Luchan
19%
Guijuelo Luis Ramos
19%
Alzira Luis Suñer
19%
Navalcarnero Mariano Gonzalez
19%
Union Sur Yaiza Municipal de Yaiza
19%
Terrassa Olimpic de Terrassa
19%
Llanera Pepe Quimaran
19%
Laredo San Lorenzo
19%
Utebo Santa Ana
19%
Don Benito Vicente Sanz
19%
Almeria B Anexo Estadio Juegos Mediterraneos
13%
Bergantiños As Eiroas
13%
Recreativo Granada Ciudad Deportiva Granada
13%
Deportivo Aragon Ciudad Deportiva Real Zaragoza
13%
Juventud Torremolinos El Pozuelo
13%
Rayo Cantabria Nando Yosu
13%
Colonia Moscardo Roman Valero
13%
Villanovense Romero Cuerda
13%
Penya Deportiva Santa Eulalia del Rio
13%
Torrent Sant Gregori
13%
Andratx Sa Plana
13%
Subiza Sotoburu
13%
Eibar B Unbe
13%
Gernika Urbieta
13%
Deportiva Minera Angel Celdran
6%
Cadiz Mirandilla Bahia de Cadiz
6%
Olot Estadi Municipal d'Olot
6%
Escobedo Eusebio Arce
6%
Getafe B Fernando Santos de la Parra
6%
Estepona Francisco Muñoz Perez
6%
Alfaro La Molineta
6%
Badalona Futur Premia de Dalt
6%
Mallorca B Son Bibiloni
6%
Tenerife B Javier Perez
0%
Alaves B Jose Luis Compañon
0%
No se encontraron pruebas coincidentes
Distribución de puntuación
Porcentaje de gente con cada puntuación
Porcentaje por número respondido
Historial de tus puntuaciones
No has intentado esta prueba.